<?xml version="1.0" encoding="UTF-8"?>
<record
    xmlns:xsi="http://www.w3.org/2001/XMLSchema-instance"
    xsi:schemaLocation="http://www.loc.gov/MARC21/slim http://www.loc.gov/standards/marcxml/schema/MARC21slim.xsd"
    xmlns="http://www.loc.gov/MARC21/slim">

  <leader>01262nam a22001937a 4500</leader>
  <controlfield tag="003">OSt</controlfield>
  <controlfield tag="005">20140917135110.0</controlfield>
  <controlfield tag="008">130614s2011    sp ||||| |||| 00| 0 spa d</controlfield>
  <datafield tag="020" ind1=" " ind2=" ">
    <subfield code="a">9788495400680</subfield>
  </datafield>
  <datafield tag="040" ind1=" " ind2=" ">
    <subfield code="c">CDMR</subfield>
    <subfield code="b">cat</subfield>
  </datafield>
  <datafield tag="245" ind1="1" ind2="0">
    <subfield code="a">Cr&#xF2;nica d'un pa&#xED;s</subfield>
    <subfield code="b">: 15 articles imprescindibles</subfield>
    <subfield code="c">Josep Maria Casas&#xFA;s</subfield>
  </datafield>
  <datafield tag="260" ind1=" " ind2=" ">
    <subfield code="a">Barcelona</subfield>
    <subfield code="b">D&#xE8;ria</subfield>
    <subfield code="c">2011</subfield>
  </datafield>
  <datafield tag="300" ind1=" " ind2=" ">
    <subfield code="a">179 p.</subfield>
  </datafield>
  <datafield tag="500" ind1=" " ind2=" ">
    <subfield code="a">Cont&#xE9;: La ciutat del perd&#xF2; / Joan Maragall ; Vint-i-viut hores en transmis&#xE8;ria / Carles Sent&#xED;s ; Esto acabar&#xE1; mal / Gaziel ; L'oasi catal&#xE0; / Antoni Rovira i Virgili ; Ens calen can&#xE7;ons d'ara / Llu&#xED;s Serrahima ; La burgues&#xED;a catalana / Josep Maria de Sagarra ; Declaracions de l'abat Escarr&#xE9; / Jos&#xE9; Antonio Novais ; Un pa&#xED;s sense pol&#xED;tica / Joan Fuster ; &#xBF;Dos generaciones? / Jordi -Garcia-Soler ; Una naci&#xF3; sense estat, un poble sense llengua? / Els Marges ; Barcelona &#xE9;s el Titanic / F&#xE9;liz d'Az&#xFA;a ; Garc&#xED;a Trevijano / Jos&#xE9; Luis de Vilallonga ; Plantem cara / Joan Sol&#xE0; ; Sang nova al Palau / Antoni Serra Ramoneda ; La dignitat de Catalunya / editorial de 12 diaris catalans</subfield>
  </datafield>
  <datafield tag="650" ind1="0" ind2="4">
    <subfield code="9">3166</subfield>
    <subfield code="a">Catalunya</subfield>
    <subfield code="x">Hist&#xF2;ria</subfield>
    <subfield code="v">Recull d'escrits</subfield>
  </datafield>
  <datafield tag="650" ind1="0" ind2="4">
    <subfield code="9">3247</subfield>
    <subfield code="a">Catalunya</subfield>
    <subfield code="x">Pol&#xED;tica</subfield>
    <subfield code="v">Recull d'escrits</subfield>
  </datafield>
  <datafield tag="700" ind1="1" ind2=" ">
    <subfield code="9">799</subfield>
    <subfield code="a">Casas&#xFA;s, Josep Maria</subfield>
  </datafield>
  <datafield tag="942" ind1=" " ind2=" ">
    <subfield code="2">udc</subfield>
    <subfield code="c">MON</subfield>
  </datafield>
  <datafield tag="999" ind1=" " ind2=" ">
    <subfield code="c">6464</subfield>
    <subfield code="d">6464</subfield>
  </datafield>
  <datafield tag="952" ind1=" " ind2=" ">
    <subfield code="0">0</subfield>
    <subfield code="1">0</subfield>
    <subfield code="4">0</subfield>
    <subfield code="7">0</subfield>
    <subfield code="a">CDMR</subfield>
    <subfield code="b">CDMR</subfield>
    <subfield code="d">2013-01-16</subfield>
    <subfield code="l">0</subfield>
    <subfield code="o">Du 6/43</subfield>
    <subfield code="p">CDMR13066700</subfield>
    <subfield code="r">2013-06-14</subfield>
    <subfield code="w">2013-06-14</subfield>
    <subfield code="y">MON</subfield>
  </datafield>
</record>
